The adventures of Sherlock Holmes
Uloženo v:
| Hlavní autor: | |
|---|---|
| Médium: | Kniha |
| Jazyk: | angličtina |
| Vydáno: |
Londres
John Murray
1917
|
| Témata: | |
| Tagy: |
Přidat tag
Žádné tagy, Buďte první, kdo vytvoří štítek k tomuto záznamu!
|
MARC
| LEADER | 00000nam a2200000 a 4500 | ||
|---|---|---|---|
| 001 | UCQ3700 | ||
| 003 | CL-VaPUC | ||
| 008 | 980821e19170000UK |||||||||||||||||eng|d | ||
| 082 | 0 | 4 | |a 823 |b DOY |2 21 |
| 100 | 0 | |a Doyle, Arthur Conan |e author |9 417964 | |
| 245 | 1 | 4 | |a The adventures of Sherlock Holmes |
| 300 | |a 302 p | ||
| 942 | |c BK | ||
| 945 | |d 19980821 00:00:00 |a crobeson | ||
| 260 | |a Londres |b John Murray |c 1917 | ||
| 650 | 0 | |a Novelas inglesas |9 265220 | |
| 650 | 0 | |a Literatura inglesa |9 312907 | |
| 583 | |a last modification |c 19980821 00:00:00 |k Rodrigo Vera | ||
| 999 | |c 274216 |d 274214 | ||
| 952 | |0 0 |1 0 |4 0 |6 823_000000000000000_DOY_1917 |7 0 |8 A |9 310332 |a BIBEDU |b BIBEDU |d 2019-11-20 |i 1457233 |o 823 DOY 1917 |p 1457233 |r 2019-11-20 |w 2019-11-20 |y BK |k LIT | ||